Memoria del Centro Provincial Coordinador de Bibliotecas de Soria. (Record no. 188036)

MARC details
000 -LEADER
campo de control de longitud fija 00777nas a2200217 i 4500
001 - NÚMERO DE CONTROL
campo de control 188036
003 - IDENTIFICADOR DE NÚMERO DE CONTROL
campo de control ES-MaACL
005 - FECHA Y HORA DE LA ÚLTIMA TRANSACCIÓN
campo de control 20250217134927.0
008 - DATOS DE LONGITUD FIJA--INFORMACIÓN GENERAL
campo de control de longitud fija 180413d19501974sp a| | ||pa d
022 ## - NÚMERO INTERNACIONAL NORMALIZADO PARA PUBLICACIONES SERIADAS
Número Internacional Normalizado para Publicaciones Seriadas 2479-4996
110 0# - ENTRADA PRINCIPAL--NOMBRE DE ENTIDAD CORPORATIVA
Nombre de entidad corporativa o nombre de jurisdicción como elemento de entrada Centro Provincial Coordinador de Bibliotecas de Soria.
9 (RLIN) 2780
245 10 - MENCIÓN DEL TÍTULO
Título Memoria del Centro Provincial Coordinador de Bibliotecas de Soria.
260 ## - PUBLICACIÓN, DISTRIBUCIÓN, ETC.
Lugar de publicación, distribución, etc. Madrid :
Nombre del editor, distribuidor, etc. Ministerio de Educación Nacional, Dirección General de Archivos y Bibliotecas,
Fecha de publicación, distribución, etc. 1950-1974.
300 ## - DESCRIPCIÓN FÍSICA
Extensión 1 v. ;
Dimensiones 24 cm.
310 ## - PERIODICIDAD ACTUAL
Periodicidad actual Anual
362 0# - FECHAS DE PUBLICACIÓN Y/O DESIGNACIÓN SECUENCIAL
Fecha de publicación y/o designación secuencial [1949]-1973.
785 00 - ENTRADA/ENLACE A UN TÍTULO POSTERIOR
Título Memoria del Centro Provincial Coordinador de Bibliotecas, Biblioteca Pública y Casa de Cultura de Soria
852 ## - LOCALIZACIÓN
Ubicación ES-MaACL
Número de control de estantería 2084-F-2
866 #0 - MENCIÓN TEXTUAL DE FONDOS--UNIDAD BIBLIOGRÁFICA BÁSICA
Fondos 1973
Holdings
Estatus retirado Estado de pérdida Estado de daño No para préstamo Colección Biblioteca de origen Biblioteca actual Ubicación en estantería Fecha de adquisición Fuente de adquisición Total de préstamos Signatura topográfica completa Código de barras Visto por última vez Precio de reemplazo Tipo de ítem Koha
        Colección de folletos Biblioteca del Ateneo de Madrid Biblioteca del Ateneo de Madrid Depósito folletos 13/04/2018     2084-F-2 1198707 23/02/2023 23/02/2023 Folleto